MDQL
is popping MORE tags! Check the
thread
!
Quizzes
Events
Quiz Creation
Community
Videos
Private Events
Remove Ads
Sign In
Join for FREE
Feedback
Dark Mode
Quiz Categories
Sports
Geography
Music
Movies
Television
Just For Fun
Miscellaneous
History
Literature
Language
Science
Gaming
Entertainment
Religion
Holiday
For Kids
Quiz Lab
Recent
Popular Today
Quiz Kudos Today
Editor Picks
Curator Picks
Quizzes by...
Day
Popularity
Type
Ratings
Length
Year
Community
Subscriptions
Recent Discussions
Orange Saloon
Badges
Playlists
Quests
Create
Leaderboards
Showdown
Live 5
Trivia Bingo
Activity
Puzzle Library
Sporcle Events
Private Events
Virtual Trivia
Globe League
Become a Host
Pub Owners
SporcleCon
Opinionation
Our Games
Videos
Blog
Mobile Apps
Partnerships
Remove Ads and Go Orange
Feedback
Television
TV Characters
TV Show
Sitcom
Network
Friends
Reality Shows
Cast
South Park
Star Trek
The Simpsons
Doctor Who
Television
TV Characters
TV Show
Sitcom
Network
Friends
Reality Shows
Cast
South Park
Star Trek
The Simpsons
Doctor Who
Random Quiz
Search Sporcle
×
Quiz Lab
Quiz Lab
Television
Thunder
Type in answers that appear in a list
Type in answers that appear in a list
Classic
Best Score? Go Orange.
ThunderCats 1985 versus ThunderCats 2011 Stats
Can you name the correct version of ThunderCats (1985 or 2011)?
By
Wayward_Sean
4m
20 Questions
417 Plays
417 Plays
417 Plays
Comments
Comments
Give Quiz Kudos
Give Quiz Kudos
-
- Ratings
hide this ad
More Info
Forced Order
Answers have to be entered in order
Answers have to be entered in order
Wrong Answers
Some wrong answers will appear in red
Some wrong answers will appear in red
Random Order
Randomize order of answers
Randomize order of answers
Replay
Link that replays current quiz
Next Quiz
Link to next quiz in quiz playlist
You Got
0%
They Got
Avg Score
82%
Avg Friend Score
Upgrade to see
Score Distribution
Jump to the score distribution portion of the page
Score
0/20
Timer
04:00
0
Plays Today
Information
Year
% Correct
Snarf can talk.
???
91.1%
Tygra is Lion-
O's adopted older brother.
???
88.7%
Jaga and the other clerics shared Cheetara's super speed.
???
86.6%
Slythe works with the mutants Monkian, Jackalman, and Vultureman.
???
86.1%
Grune used to be Panthro's best friend.
???
85.6%
Thunderans have long believed technology to be a myth.
???
85.4%
The ThunderCats are from the planet Thundera.
???
85.1%
WilyKit and WilyKat ride on 'space boards'.
???
84.9%
Lion-
O arrives on Third Earth by riding on a spaceship.
???
84.7%
Mumm-
Ra has a bulldog named Ma-
Mutt.
???
83.7%
Information
Year
% Correct
Lion-
O is a lion cub trapped in an adult lion's body.
???
83.5%
Claudus is killed by Mumm-
Ra.
???
82.7%
Slythe is from the planet Plun-
Darr.
???
82.5%
Lion-
O's catchphrase is 'Whiskers!'
???
82.3%
Panthro has mutton chops.
???
79.6%
Komi, Cask, and Sarrow are some of Slythe's lizards.
???
79.1%
Jaga dies of old age.
???
77.2%
Lynx-
O is a general in Claudus' army.
???
76.3%
Mumm-
Ra the Ever-
Living has wings.
???
73.6%
The ThunderCats return to New Thundera.
???
71.9%
Quiz Playlist
Details
Report
Send in Message
Add To Playlist
More Info:
Type in '1985' or '2011' to guess the correct version of ThunderCats.
Classic:
Type in answers that appear in a list
Forced Order:
Answers have to be entered in order
Wrong Answers:
Some wrong answers will appear in red
Random Order:
Randomize order of answers
Quiz Source
Last Updated: Feb 16, 2017
Quiz Scoreboard
CHALLENGE
Sign Up to Join the Scoreboard
Show All
Scores
Hide
Comments
May contain spoilers
Recently Published
Colored Red Africa Blitz
by spor1
Geography
30s
Find the 'City' Movie
by crazypaving
Movies
60s
5x2 Blitz: Bands
by SL_Kpop136
Music
30s
More to Explore
Quiz From the Vault
Featured Blog Post
14 Easter Pick-up Lines to Find Eggs With
hide this ad
You Might Also Like...
Tags
1980s
cat
Thunder
Thundercats
Today's Top Quizzes in Television
Browse Television
hide this ad
Top Contributed Quizzes in Television
1
Survivor Journey Challenge
2
Brooklyn Nine Nine Logic Puzzle (How-To-Play)
3
Phoebe Buffay Quotes
4
One Tree Hill Logic Puzzle
5
Survivor Logic Puzzle: Heroes vs. Villains
6
Survivor Trivia
7
Game of Thrones: Tywin Lannister Start to Finish
8
All US Survivor Seasons in Order
9
Emmerdale Characters (from August 2012)
10
Survivor Trivia #6: Criteria Quiz!
Explore More
Trending Topics
Disney
Crossword
Marvel
Kpop
Harry Potter
NBA
Anime
Pokémon
The Office
Puzzle
Soccer
Country
WWE
NFL
Song
hide this ad
More By:
Wayward_Sean
Quiz
Plays
Rating
Category
Featured
Created
That's a Dragon!
48,578
4.32
Entertainment
Nov 10, 2011
How I Met Your Mother Relationship Chart
13,011
3.63
Television
Jan 15, 2012
The Legend of Korra Benders
12,740
2.40
Television
Jun 9, 2012
How I Met Your Mother Name Chain
6,983
3.83
Television
Sep 9, 2011
The Big Bang Theory Name Chain
5,958
3.73
Television
Sep 9, 2011
Go to Creator's Profile
Score Distribution
Quiz Creator Spotlight
Wayward_Sean
Follow
Send a Message
Quizzes Created
-
Created Quiz Play Count
-
More By This Creator
Popular Quizzes Today
1
Find the 'City' Movie
2
Colored Red Africa Blitz
3
Find the US States - No Outlines Minefield
4
5x2 Blitz: Bands
5
The Countries of the World
6
Find the US States
7
US States
8
9x9 Crossword: Cartoon Network
More Television Quizzes
Doctor Who Sorting Blitz
Curator's Pick
Trending Quizzes
Colored Red Europe Blitz I
Colored Red Africa Blitz II
Colored Red Europe Blitz II
Colored Red Africa Blitz III
Colored Red Europe Blitz III
Recently Updated
2024 March Madness Bracket
pecheneg
Famous TV Couples
Peacemaker
Champions League XIs: Real Madrid
pecheneg
Largest US Cities 1790-2010
pecheneg
Rides in Walt Disney World
pecheneg
Most Oscar Losses (Acting)
pecheneg
Beyoncé Albums
pecheneg
Leaping Animals
pecheneg
Reality TV Shows (A-Z)
bhenderson79
Rickey Henderson's Hall of Fame Teammates
pecheneg
Trending Topics
Anime
Marvel
Crossword
NBA
Harry Potter
Disney
Kpop
Puzzle
WWE
Country
Song
NFL
Soccer
The Office
Pokémon
Your Account Isn't Verified!
In order to create a playlist on Sporcle, you need to verify the email address you used during registration. Go to your
Sporcle Settings
to finish the process.
Report this User
Report this user for behavior that violates our
Community Guidelines
.
Details:
Send Report
Go to the Sporcle.com Mobile Site →
Comments